00358nam a2200145 a 450000500170000000800410001702000060005805000220006410000200008624500170010626000380012344000240016165000150018565000120020020140414132106.0100902s19uu xx 00 eng d a  aM 551.5bG57 2010 aGoldsmith, Mike aThe weather. aGreat Britain :bTicktock,c2010. aLet's find about... x aWeather a x x